00948nam a22002057a 450000500170000000800410001702000210005804100080007908000160008724501330010325000100023626400660024630000460031265300290035865301220038765300780050970000530058770000520064070000500069220230714102137.0230714s2014en xxu||||| |||| 00| 0 eng d a9781433816871 X aeng a616.89 C-61 aClinical neuropsychology : a pocket handbook for assessment /c Editor : Michael W. Parsons, Thomas A. Hammeke, Peter J. Snyder a3. ed a Washington, D.C.bAmerican Psychological Associationc 2014. aXXIII, 741 p :.b Illustrationen;c18 cm. aClinical neuropsychology aClinical neuropsychology Handbooks, manuals, etc Handbooks and manuals Klinische Psychologie Neuropsychological tests aკლინიკური ნეიროფსიქოლოგია aParsons, Michael W.eრედაქტორი aHammeke, Thomas A.eრედაქტორი aSnyder, Peter J.eრედაქტორი